| 000 | 00825nam a22002297a 4500 | ||
|---|---|---|---|
| 999 |
_c15380 _d15380 |
||
| 003 | MIRAKIL | ||
| 005 | 20240214123210.0 | ||
| 008 | 240214b tu ||||| |||| 00| 0 tur d | ||
| 020 | _a9786056994739 | ||
| 040 |
_aTR-AnCHP _cTR-AnCHP |
||
| 041 | _aTürkçe | ||
| 082 |
_a182.4 _bE23 2020 |
||
| 245 | 1 | 0 |
_aEfesli Herakleitos Felsefe Günleri, 1 : _b21-23 Kasım 2019 / _ceditör: Yusuf Yavaş, Tolga Mert |
| 250 | _a1. bs. : Ekim 2020 | ||
| 260 |
_aSelçuk, İzmir : _bKent Belleği Yayınları, _c2020 _fTarcan matbaacılık |
||
| 300 |
_a120 sayfa : _bfotoğraf ; _c21 cm. |
||
| 490 | 0 |
_aKent Belleği Yayınları ; _v6 |
|
| 504 | _aKaynakça makale sonlarındadır | ||
| 650 | 0 |
_97533 _aYunan felsefesi |
|
| 856 | _zDijital Nüshası için Partimizin Kütüphane Sorumlusu ile iletişime geçiniz. | ||
| 942 |
_2ddc _cBKS |
||